| 000 -LEADER |
| fixed length control field |
01187cam a2200373 i 4500 |
| 001 - CONTROL NUMBER |
| control field |
17360569 |
| 003 - CONTROL NUMBER IDENTIFIER |
| control field |
OSt |
| 005 - DATE AND TIME OF LATEST TRANSACTION |
| control field |
20190729080642.0 |
| 008 - FIXED-LENGTH DATA ELEMENTS--GENERAL INFORMATION |
| fixed length control field |
120625t20122011nyu 000 1 eng |
| 010 ## - LIBRARY OF CONGRESS CONTROL NUMBER |
| LC control number |
2012374328 |
| 020 ## - INTERNATIONAL STANDARD BOOK NUMBER |
| International Standard Book Number |
9781439167410 (pbk.) |
| 040 ## - CATALOGING SOURCE |
| Original cataloging agency |
DLC |
| Language of cataloging |
eng |
| Transcribing agency |
DLC |
| Description conventions |
rda |
| Modifying agency |
DLC |
| 041 1# - LANGUAGE CODE |
| Language code of text/sound track or separate title |
eng |
| Language code of original |
spa |
| 042 ## - AUTHENTICATION CODE |
| Authentication code |
pcc |
| 043 ## - GEOGRAPHIC AREA CODE |
| Geographic area code |
e-uk-en |
| 082 00 - DEWEY DECIMAL CLASSIFICATION NUMBER |
| Classification number |
FIC PAL |
| Edition number |
23 |
| 100 1# - MAIN ENTRY--PERSONAL NAME |
| Personal name |
Palma, Félix J. |
| Relator term |
author |
| 240 10 - UNIFORM TITLE |
| Uniform title |
Mapa del tiempo. |
| Language of a work |
English |
| 245 14 - TITLE STATEMENT |
| Title |
The map of time : |
| Remainder of title |
a novel / |
| Statement of responsibility, etc. |
Félix J. Palma ; translated by Nick Caistor. |
| 250 ## - EDITION STATEMENT |
| Edition statement |
First Atria paperback edition. |
| 264 #1 - PRODUCTION, PUBLICATION, DISTRIBUTION, MANUFACTURE, AND COPYRIGHT NOTICE |
| Place of production, publication, distribution, manufacture |
New York : |
| Name of producer, publisher, distributor, manufacturer |
Atria Paperback, |
| Date of production, publication, distribution, manufacture, or copyright notice |
2012. |
| 264 #4 - PRODUCTION, PUBLICATION, DISTRIBUTION, MANUFACTURE, AND COPYRIGHT NOTICE |
| Date of production, publication, distribution, manufacture, or copyright notice |
©2011 |
| 300 ## - PHYSICAL DESCRIPTION |
| Extent |
611, [30] pages ; |
| Dimensions |
21 cm |
| 336 ## - CONTENT TYPE |
| Content type term |
text |
| Source |
rdacontent |
| 337 ## - MEDIA TYPE |
| Media type term |
unmediated |
| Source |
rdamedia |
| 338 ## - CARRIER TYPE |
| Carrier type term |
volume |
| Source |
rdacarrier |
| 600 10 - SUBJECT ADDED ENTRY--PERSONAL NAME |
| Personal name |
Wells, H. G. |
| Fuller form of name |
(Herbert George), |
| Dates associated with a name |
1866-1946 |
| Form subdivision |
Fiction. |
| 650 #0 - SUBJECT ADDED ENTRY--TOPICAL TERM |
| Topical term or geographic name entry element |
Time travel |
| Form subdivision |
Fiction. |
| 651 #0 - SUBJECT ADDED ENTRY--GEOGRAPHIC NAME |
| Geographic name |
London (England) |
| General subdivision |
Social life and customs |
| Chronological subdivision |
19th century |
| Form subdivision |
Fiction. |
| 700 1# - ADDED ENTRY--PERSONAL NAME |
| Personal name |
Caistor, Nick. |
| Relator term |
translator |
| 906 ## - LOCAL DATA ELEMENT F, LDF (RLIN) |
| a |
7 |
| b |
cbc |
| c |
orignew |
| d |
2 |
| e |
ncip |
| f |
20 |
| g |
y-gencatlg |
| 942 ## - ADDED ENTRY ELEMENTS (KOHA) |
| Source of classification or shelving scheme |
|
| Koha item type |
Books - Fiction |